000
00284nam a2200121Ia 4500
005
20251028132505.0
008
251020t2018||||xx |||||||||||||| ||spa||
041
_a
spa
100
_a
Yrarrázabal C., Arturo
245
0
_a
Manual de derecho económico
260
_c
2018
942
_C
LB
_c
LB
999
_c
3061
_d
3061